| 000 | 00000nam 2200000zi 4500 |
| 001 | 9.933354 |
| 003 | CaOODSP |
| 005 | 20240202134944 |
| 006 | m o d f |
| 007 | cr |n||||||||| |
| 008 | 240202e202212##onc o f|0| 0 fre d |
| 040 | |aCaOODSP|bfre|erda|cCaOODSP |
| 043 | |an-cn--- |
| 086 | 1 |aH14-551/2022F-PDF |
| 245 | 00|aAudit de la gestion intégrée des risques à Santé Canada : |brapport définitif / |cBureau de l’Audit et de l’évaluation. |
| 264 | 1|a[Ottawa] : |bSanté Canada et l'Agence de la santé publique du Canada = Health Canada and the Public Health Agency of Canada, |cdécembre 2022. |
| 300 | |a1 ressource en ligne (9 pages) |
| 336 | |atexte|btxt|2rdacontent/fre |
| 337 | |ainformatique|bc|2rdamedia/fre |
| 338 | |aressource en ligne|bcr|2rdacarrier/fre |
| 500 | |aPublié aussi en anglais sous le titre : Audit of integrated risk management - Health Canada: final report. |
| 520 | |a« L’objectif de l’audit était d’évaluer si le cadre et les pratiques de gestion des risques du Ministère soutiennent efficacement la détermination, l’évaluation et l’intégration de l’information sur les risques à des fins de planification, de surveillance et de prise de décisions »--page 2. |
| 610 | 16|aCanada. |bSanté Canada|xAudit. |
| 610 | 26|aAgence de santé publique du Canada|xAudit. |
| 650 | 6|aGestion du risque|zCanada|xAudit. |
| 710 | 1 |aCanada. |bSanté Canada. |bBureau de l'audit et de l'évaluation, |eorganisme de publication. |
| 710 | 2 |aAgence de santé publique du Canada. |bBureau de l'audit et de l'évaluation, |eorganisme de publication. |
| 775 | 08|tAudit of integrated risk management - Health Canada : |w(CaOODSP)9.933329 |
| 856 | 40|qPDF|s288 Ko|uhttps://publications.gc.ca/collections/collection_2024/sc-hc/H14-551-2022-fra.pdf |